000 00689nam a22002297a 4500
999 _c160540
_d160540
005 20190204145446.0
006 a|||||f|||| 00| 0
007 tc
008 180720b xxu||||| |||| 00| 0 eng d
010 _aBR-003028
020 _c05.00
035 _aBR-003028
037 _bA.I.C.B.
082 _aS
100 _aSarabhai, Mrinalini
245 _aThe Story of India
_cby Mrinalini Sarabhai
260 _aNew Delhi
_bA.C.I.B.
_cN.D.
270 _aSector-5, Rohini,
_b New Delhi
_e110085
300 _avarious pages.
_c30cm (HB).
942 _2ddc
_cBRLEN
_hS
_mSAR